| 000 | 00420cam a2200169ua 4500 | ||
|---|---|---|---|
| 020 | _c8.00 | ||
| 041 |
_aeng _h |
||
| 082 |
_a636 _bSUB/HA |
||
| 100 | _aSubbiah, Mudaliar . | ||
| 245 |
_aHand book of animal husbandry and dairying / _cSubbiah Mudaliar. _hTextual Documents |
||
| 260 |
_a : _bS.Viswanathan , _c1960. |
||
| 300 | _a212 ; . | ||
| 365 | _a8.00 | ||
| 504 | _a | ||
| 942 | _cBK | ||
| 999 |
_c1866 _d1866 |
||